000
00282nam a22001337a 4500
008
180911b xxu||||| |||| 00| 0 eng d
020
_a
9780805375855
041
_a
eng
080
_a
579
100
_a
11
101
_a
MIK
245
_a
Microbiology
_c
Funke, B.R
942
_2
udc
_c
BK
999
_c
47682
_d
47682